000 00244nam a2200097Ia 4500
001 662955
005 20250826160203.0
008 250824s9999 xx 000 0 und d
245 0 _aGelincik Diz/Şenlik Günü
_cGülten Dayıoğlu
260 _bALTIN
999 _c662955
_d662955